Top 200 US Baby Boy Names 2022 - Statistics

General Stats
  • This quiz has been taken 144 times
  • The average score is 86 of 200
Answer Stats
Answer % Correct
John
93%
James
88%
Noah
88%
Jesus
87%
Matthew
86%
Jack
85%
Aiden
84%
Alex
84%
Daniel
84%
William
84%
Henry
83%
Liam
83%
Jose
82%
Michael
82%
Ryan
82%
Luka
81%
David
80%
Adam
79%
Alexander
79%
Luca
79%
Oliver
79%
Eli
78%
Joseph
77%
Thomas
77%
Zachary
77%
Benjamin
76%
Nicolas
76%
Christopher
75%
Elijah
75%
Jacob
75%
Andrew
74%
Luke
74%
Robert
74%
Charles
73%
Ethan
73%
Lucas
73%
Mason
73%
Nathan
73%
George
72%
Nicholas
72%
Samuel
72%
Jackson
71%
Christian
69%
Isaac
69%
Jason
68%
Leo
68%
Logan
68%
Aaron
67%
Anthony
67%
Justin
67%
Joshua
66%
Owen
66%
Theo
65%
Ayden
64%
Kevin
64%
Leon
63%
Caleb
62%
Jonathan
62%
Theodore
62%
Ian
61%
Charlie
60%
Dylan
60%
Evan
60%
Jordan
59%
Nathaniel
59%
Jayden
58%
Vincent
57%
Dean
55%
Tyler
55%
Elliot
54%
Finn
54%
Julian
54%
Max
54%
Oscar
54%
Cooper
53%
Matteo
53%
Austin
52%
Levi
51%
Parker
51%
Sebastian
51%
Cameron
49%
Arthur
48%
Harrison
48%
Jeremiah
48%
Xavier
48%
Carter
47%
Leonardo
46%
Alan
45%
Mateo
45%
Asher
44%
Connor
44%
Kai
44%
Adrian
43%
Isaiah
43%
Gabriel
42%
Hunter
42%
Wyatt
42%
Miles
41%
Myles
41%
Damian
40%
Ashton
39%
Hayden
39%
Jonah
38%
Wesley
38%
Cole
37%
Ezra
37%
Ivan
37%
Josiah
37%
Dominic
36%
Elias
36%
Jesse
36%
Juan
36%
Grayson
35%
Greyson
35%
Brayden
34%
Carlos
34%
Carson
34%
Nolan
34%
Antonio
33%
Hudson
33%
Landon
33%
Chase
32%
Jaxon
32%
Maxwell
32%
Jude
31%
Declan
29%
Graham
29%
Lincoln
29%
Angel
28%
Everett
28%
Roman
28%
Calvin
27%
Colton
27%
Diego
27%
Micah
27%
Rowan
27%
Alejandro
26%
Ezekiel
26%
Felix
25%
Axel
24%
Bentley
24%
Jameson
24%
Emmett
23%
Sawyer
23%
Weston
23%
Jayce
22%
Xander
22%
Beau
21%
Bennett
21%
Braxton
21%
Luis
21%
Maverick
21%
Archer
20%
Kayden
20%
Ryder
20%
Silas
20%
Jace
19%
Milo
19%
August
18%
Camden
18%
Jasper
18%
Easton
17%
Walker
17%
Bryson
16%
Maddox
16%
Miguel
16%
Santiago
16%
Zion
16%
Ace
15%
Arlo
15%
Judah
15%
Kingston
15%
River
15%
Dawson
14%
Emmanuel
14%
Enzo
14%
Amir
13%
Giovanni
13%
Ryker
13%
Brooks
12%
Emilio
12%
Atlas
11%
Beckett
11%
Emiliano
11%
Gael
11%
Malachi
11%
Zayden
11%
Lorenzo
9%
Jaxson
8%
Rhett
8%
Thiago
8%
Waylon
8%
Elliott
7%
Adriel
6%
Legend
6%
Amari
5%
Kaiden
5%
Matias
3%
Messiah
3%
Knox
2%
No matching quizzes found
Score Distribution
Percent of People with Each Score
Percentile by Number Answered
Your Score History
You have not taken this quiz